| 000 | 00606nam a2200217 a 4500 | ||
|---|---|---|---|
| 003 | LC | ||
| 005 | 20160316110422.0 | ||
| 008 | 090202s19uu xx 00 eng d | ||
| 020 | _a9780439676212 | ||
| 050 |
_aPZ 1 _b.M596 2004 |
||
| 082 |
_aFIC _bM46 2004 |
||
| 100 | _aMetzger, Steve | ||
| 245 |
_aThe falling leaves and the scarecrow / _cSteve Metzger. |
||
| 260 |
_aNew York : _bScholastic, _c2004. |
||
| 650 | _aFiction. | ||
| 650 | _a Scarecrows -- Juvenile fiction. | ||
| 650 | _aLeaves -- Juvenile fiction. | ||
| 650 | _aAutumn -- Juvenile fiction. | ||
| 942 |
_cBK _2lcc |
||
| 999 |
_c12791 _d12791 |
||